| 000 | 02090cam a2200337 i 4500 | ||
|---|---|---|---|
| 001 | 768714001 | ||
| 003 | CO-MdFUSB | ||
| 005 | 20231023150432.0 | ||
| 007 | ta | ||
| 008 | 990317t19991999miu b 000 0 eng | ||
| 020 | _a0310231930 | ||
| 040 |
_aDLC _bspa _cCO-MdFUSB _dCO-MdFUSBC _erda |
||
| 041 | _aeng | ||
| 082 |
_223 _a230.042 _bG946 |
||
| 100 |
_aVangemeren, Willem _c1943- _eEditor |
||
| 245 | 1 | 2 |
_aA guide to Old Testament theology and exegesis _b: the introductory articles from the New International Dictionary of Old Testament Theology and Exegesis _c/ editado por Willem A. VanGemeren |
| 264 | 1 |
_aGrand Rapids, Michigan : _bZondervan, _c1999 |
|
| 264 | 4 | _c©1999 | |
| 300 |
_a235 páginas ; _c24 cm. |
||
| 336 |
_atexto _btxt _2rdacontent. |
||
| 337 |
_asin mediación _bn _2rdamedia. |
||
| 338 |
_avolumen _bnc _2rdacarrier. |
||
| 504 | _aIncluye referencias bibliográficas. | ||
| 505 | _aLenguaje, literatura, hermenéutica y teología bíblica: ¿qué tiene de teológico un diccionario teológico? / Kevin Vanhoozer -- Crítica textual del Antiguo Testamento y su relación con la exégesis y la teología / Bruce K. Waltke -- Historia del Antiguo Testamento: una perspectiva teológica / Eugene H. Merrill -- Historia del Antiguo Testamento: una perspectiva hermenéutica / V. Philips Long -- Enfoques literarios e interpretación / Tremper Longman III -- Crítica narrativa: las implicaciones teológicas de las técnicas narrativas / Philip E. Satterthwaite -- Lingüística, significado, semántica y análisis del discurso / Peter Cotterell -- Principios para el estudio productivo de palabras / John H. Walton -- El florecimiento y el fracaso de la teología del Antiguo Testamento / Elmer A. Martens -- Integración de la teología y la exégesis del Antiguo Testamento: cuestiones literarias, temáticas y canónicas / Richard Schultz. | ||
| 563 | _aRústico | ||
| 630 | 0 | 7 |
_aBiblia. _pAntiguo Testamento _xCrítica, interpretación, etc. |
| 650 | 7 |
_2embne _97333 _aHermenéutica bíblica |
|
| 942 | _cBK | ||
| 945 | _aJTF-925 | ||
| 999 |
_c68508 _d68508 |
||